01004cam a2200277 a 45000010008000000030005000080050017000130080041000300100017000710200025000880380011001130400018001240500018001420510051001600820013002111000035002242450111002592600053003703000025004235000077004485040051005256500026005766500021006027100064006238300039006879173914Nust20180709082420.0770808s1914 ilu b 001 0 eng  a 14018110  a0415096057cRs. 1020 aArshad aDLCcDLCdDLC00aB1649.R93bO8 aB1649.R93bO8 Copy 3cIn original dust jacket. a192bRUS1 aRussell, Bertrand,d1872-1970.10aOur knowledge of the external world as a field for scientific method in philosophy /cby Bertrand Russell. aChicago :bThe Open Court Publishing Co.,c1914. aix, 251 p. ;c23 cm. a"Delivered as Lowell Lectures in Boston, in March and April 1914"--Pref. aIncludes bibliographical references and index. 0aKnowledge, Theory of. 0aLogical atomism.2 aOliver Wendell Holmes Collection (Library of Congress)5DLC 0aLowell Institute lectures ;v1914.